Loading...
| Science - Chemistry | 0 | 11 | 1 | 0 | 105 | 98 | 114.82 | 0 | 1 | 7.52 | 36.17 |
| Science - Biology | 0 | 6 | 2 | 0 | 50 | 67 | 96.33 | 0 | 2 | 8.26 | 26.94 |
| Science - Other | 0 | 5 | 2 | 0 | 40 | 81 | 104.20 | 0 | 1 | 6.91 | 19.88 |
| Geography | 0 | 3 | 0 | 0 | 30 | 94 | 114.00 | 0 | 0 | 7.53 | 22.62 |
| Science - Physics | 0 | 3 | 1 | 0 | 25 | 89 | 107.67 | 0 | 0 | 2.99 | 10.44 |
| History - European | 0 | 2 | 0 | 0 | 20 | 131 | 135.00 | 0 | 0 | 0.04 | 3.56 |
| Religion | 0 | 2 | 0 | 0 | 20 | 114 | 124.00 | 0 | 0 | 0.85 | 7.27 |
| History - World | 0 | 2 | 0 | 0 | 20 | 122 | 130.50 | 0 | 0 | 0.76 | 6.13 |
| History - Other | 0 | 2 | 0 | 1 | 20 | 126 | 131.00 | 0 | 0 | -0.27 | 0.83 |
| Current Events | 0 | 1 | 0 | 0 | 10 | 124 | 124.00 | 0 | 0 | 1.14 | 1.67 |
| Fine Arts - Other | 0 | 1 | 0 | 0 | 10 | 145 | 145.00 | 0 | 0 | 0.00 | 1.47 |
| History - American | 0 | 1 | 0 | 0 | 10 | 111 | 111.00 | 0 | 0 | 0.78 | 3.43 |
| Mythology | 0 | 1 | 0 | 0 | 10 | 142 | 142.00 | 0 | 0 | 0.00 | 0.57 |
| Other Academic | 0 | 1 | 0 | 0 | 10 | 127 | 127.00 | 0 | 0 | 1.51 | 2.31 |
| Philosophy | 0 | 1 | 0 | 0 | 10 | 138 | 138.00 | 0 | 0 | -0.04 | 1.65 |
| Social Science | 0 | 1 | 1 | 0 | 5 | 115 | 115.00 | 0 | 0 | 0.87 | 3.92 |